00427 2200169 4500001002100000008004100021035002000062245003400082100001500116260003700131300002000168020002200188084001400210082000800224650001000232990001500242INLIS000000000003220 ind  a0010-1225000041 aAldebaran Bagian 2cTere Liye aLiye, Tere aDepok :bPT Sabak Grip Nusantara a368c13,5x20 cm a978-634-7046-01-7 a813 LIY a a813 aFiksi a19677/B/26